000 00599nam a22001937a 4500
999 _c162869
_d162869
005 20190323130326.0
010 _aENG-124914
020 _a9789386473103
_c350.00
035 _aEN-108446
037 _bDBAD/PUB
082 _aS
100 _aVijay Narain Shankar
245 _aKhushwant Singh in wisdom & in jest/
_cby Vijay Narain Shankar [and] Onkar Singh
260 _aNew Delhi
_bVitasta Publishing
_c2017
270 _a2/15, Ansari Road, Daryaganj,
_bNew Delhi
_e110002
_minfo@vitastapublishing.com
300 _axi, 266p.
_c21cm(pbk)
700 _a Onkar Singh
942 _2ddc
_cEN
_hS
_mVIJ